|
|
|
|
| LEADER |
00000cam a2200000 7i4500 |
| 001 |
0000003396 |
| 005 |
20051214.0 |
| 020 |
0 |
0 |
|a 9838120782
|
| 090 |
0 |
0 |
|a 635.995959
|b ORC
|
| 245 |
1 |
0 |
|a Orchid conservation
|c editors Kingsley W. Dixon ... [et al.].
|
| 260 |
0 |
0 |
|a Kota Kinabalu :
|b Natural History Publications (Borneo) ,
|c 2003.
|
| 300 |
|
|
|a xv, 418 p. :
|b ill. (chiefly col.) ;
|c 26 cm.
|
| 500 |
0 |
0 |
|a "25 September 2003"--P. iv.
|
| 650 |
0 |
0 |
|a Orchids
|x Conservation.
|
| 700 |
1 |
1 |
|a Dixon, K. W. [
|q (Kingsley W.)]
|
| 999 |
|
|
|a 0000006381
|b Monograph
|c Open Shelf
|e Default branch
|